00434nam a2200169Ia 4500001000900000003000500009005001700014008004100031010001100072040000900083082001500092100001900107245007100126260002900197300001000226600002800236dia_1001CHAP20230118135805.0220117s1960 xx 000 0 und d a171550 cCHAP a338.17 B86 aBurdette, R.F. aMarketing Livestock and Meat /c by R.F. Burdette and J.C. Abbott aRoma Editorial Faoc1960 a209 p a1.Fao-Marketing Guide 3